00988nam a2200277 a 4500001001000000003000500010005001700015008004100032010001100073011001100084040000900095090001000104100003900114245015400153260003700307300004100344502004500385590004000430650003200470650003000502901000700532942001000539942000600549999001900555952013600574000109899CHAP20220329144108.0140605s2013 mx |rm |0|||||spa d a106361 a107333 cCHAP aTesis1 aPortillo Cortéz, Geovani912724510aConsideraciones en la planificación y diseño de una manga para manejo de pequeños rumiantes en el CEP-CSAEGRO /cpor Geovani Portillo Cortéz. aCocula, Gro. :bEl autor,c2013. avi, 61 h. :bil., gráfs., cuadros. aTesis (Ing. Agr. Zootecnista) -- CSAEGRO aE6096MTMb05c20140605lUCH01h150114aGanadoxAlojamiento.94489014aManejo del ganado.970363 aBK cTESIS n0 c106361d106361 00104054718TESISaBCbBCd2014-06-05fTESISl0oTesisp33724002410058r2019-12-31 00:00:00w2019-12-31yTESISzRecien adquirido